Hazardous materials handbook / (Record no. 182810)
[ view plain ]
| 000 -LEADER | |
|---|---|
| fixed length control field | 00744 a2200181 4500 |
| 003 - CONTROL NUMBER IDENTIFIER | |
| control field | Nust |
| 005 - DATE AND TIME OF LATEST TRANSACTION | |
| control field | 20221020112657.0 |
| 020 ## - INTERNATIONAL STANDARD BOOK NUMBER | |
| International Standard Book Number | 72177437 |
| 040 ## - CATALOGING SOURCE | |
| Transcribing agency | Nust |
| 082 ## - DEWEY DECIMAL CLASSIFICATION NUMBER | |
| Classification number | 620.11,MEI |
| 100 ## - MAIN ENTRY--PERSONAL NAME | |
| Personal name | Meidl, James H. |
| 9 (RLIN) | 100959 |
| 245 ## - TITLE STATEMENT | |
| Title | Hazardous materials handbook / |
| Statement of responsibility, etc. | James H. Meidl. |
| 260 ## - PUBLICATION, DISTRIBUTION, ETC. | |
| Place of publication, distribution, etc. | Beverly Hills, Calif. |
| Name of publisher, distributor, etc. | Glencoe Press ] |
| Date of publication, distribution, etc. | [1972} |
| 300 ## - PHYSICAL DESCRIPTION | |
| Extent | xviii, 349 p. illus. (part col.) 18 cm. |
| Other physical details | (part col.) 18 cm. |
| 505 ## - FORMATTED CONTENTS NOTE | |
| Formatted contents note | Firefighting Procedures (Page-1), Explosive Hazards (Page-33), Water and Air Reactivity (Page-37), Hazardous Mixtures (Page-39), Toxicity Hazards (Page-47), Tabulation of Hazardous Materials and Selected Characteristics (Page-71) |
| 650 ## - SUBJECT ADDED ENTRY--TOPICAL TERM | |
| Topical term or geographic name entry element | Hazardous materials handbook |
| 9 (RLIN) | 100960 |
| 942 ## - ADDED ENTRY ELEMENTS (KOHA) | |
| Source of classification or shelving scheme | |
| Koha item type | Book |
| Withdrawn status | Lost status | Source of classification or shelving scheme | Damaged status | Not for loan | Permanent Location | Current Location | Shelving location | Date acquired | Full call number | Barcode | Date last seen | Price effective from | Koha item type | Public note |
|---|---|---|---|---|---|---|---|---|---|---|---|---|---|---|
| Military College of Signals (MCS) | Military College of Signals (MCS) | General Stacks | 12/12/2016 | 620.11,MEI | MCS21611 | 12/08/2016 | 12/12/2016 | Book | Almirah No.27, Shelf No.3 |
